Das Jahr 1991 - Statistiken

Allgemein
  • Dieses Quiz wurde 28 mal gespielt
  • Das Durchschnittsergebnis liegt bei 8 aus 20
Antwortstatistiken
Nachricht Antwort % Korrekt
20. Juni: Der Bundestag beschließt den Umzug von ____ nach Berlin. Bonn
96%
1. April: Der Vorsitzende der Treuhandanstalt Detlev Karsten Rohwedder wird in seiner Wohnung ermordet, die ___ bekennt sich zu der Tat RAF
92%
19. September: ____ wird in den Südtiroler Alpen gefunden. Ötzi
84%
6. November: In der Russischen Föderation wird die Kommunistische _______ verboten. Partei
76%
31. Dezember: Die ___________ hört offiziell auf zu bestehen. Sowjetunion
60%
24. Dezember: ________ bekommt einen ständigen Sitz im Sicherheitsrat der Vereinten Nationen. Russland
56%
24. September: Nirvana veröffentlicht das Erfolgsalbum _________. Nevermind
44%
1. August: ___-Jahr Feier der Schweizerischen Eidgenossenschaft 700
40%
2. Juni: Aufnahme des fahrplanmäßigen Hochgeschwindigkeitsverkehrs in Deutschland mit dem _________-______ Intercity-Express
40%
24. August: Die _______ wird unabhängig. Ukraine
40%
7. Oktober: ______, Kroatien, wird von der Jugoslawischen Volksarmee aus der Luft angegriffen. Zagreb
40%
26. März: In ____ endet die über 22-jährige Herrschaft des Staatspräsidenten Moussa Traoré. Mali
32%
28. Februar: Waffenstillstand mit dem Irak nach dem ______ _________ Zweiten Golfkrieg
32%
6. August: Der britische Informatiker Tim Berners-Lee vom Schweizer Kernforschungszentrum CERN veröffentlicht die erste ________. Webseite
20%
17. September: Die Marshallinseln, Mikronesien, Lettland, Litauen, Estland und _________ treten den Vereinten Nationen bei. Nordkorea
12%
3. Mai: Deklaration von _______: Erklärung der UNESCO zur Pressefreiheit Windhuk
8%
2. September: Die Republik ____________ erklärt ihre Unabhängigkeit. Bergkarabach
4%
12. Mai: Erste demokratische Parlamentswahlen in _____ Nepal
4%
8. August: Der Sendemast _____ _______ stürzt ein. Radio Warschau
4%
18. März: Der französische Rechtspopulist Jean-Marie Le Pen wird von einem Gericht in ___________ zu einer Geldstrafe von 1,2 Millionen Francs verurteilt, weil er Gaskammern als ein Detail in der Geschichte des Zweiten Weltkriegs bezeichnet hat. Versailles
4%
Keine übereinstimmenden Quizze gefunden
Verteilung der Resultate
Anzahl Personen mit jedem Resultat
Perzentil nach korrekt beantworteten Fragen
Ihre Resultats-Entwicklung
Sie haben dieses Quiz noch nicht gespielt